000 00560nam a2200217Ia 4500
003 OSt
005 20220926041956.0
006 a|||||r|||| 00| 0
007 ta
008 220923b |||||||| |||| 00| 0 eng d
037 _cGeneral Book
040 _aRTL
_cRTL
_beng
041 _2eng
_aeng
082 _aX70gV73.N5, J8
100 _aStrayer Paul J.
_9117001
245 0 _aFiscal policy and politics
260 _c1958
650 _aPublic Finance
942 _hX70gV73.N5, J8
_cGB
_2CC
999 _c668539
_d668539